Statystyki dla Które państwo jest ludniejsze?

Kliknij tutaj aby rozwiązać quiz!

Ogólne statystyki

  • Ten quiz został rozwiązany 136 razy
  • Średni wynik to 6 z 14

Statystyki odpowiedzi

ZagadnienieOdpowiedź% Poprawnych
Grecja, Belgia czy Holandia?Holandia
62%
Nigeria czy Rosja?Nigeria
62%
Tajwan czy Chile?Tajwan
58%
Finlandia czy Dania?Dania
56%
Islandia czy Luksemburg?Luksemburg
49%
Iran czy Turcja?Iran
46%
Polska, Arabia Saudyjska czy Malezja?Polska
41%
Portugallia, Szwecja czy Węgry?Szwecja
37%
Francja, Niemcy, Wielka Brytania czy Tajlandia?Niemcy
36%
Zimbabwe, Sudan Południowy czy Rwanda?Zimbabwe
36%
San Marino, Monako, Liechtenstein czy Palau?Liechtenstein
35%
Chorwacja, Gruzja, Urugwaj czy Erytrea?Chorwacja
31%
Czechy, Austria, Węgry czy Słowacja?Czechy
22%
Brazylia, Pakistan czy Bangladesz?Pakistan
22%

Rozkład punktacji

Percentyl według liczby udzielonych odpowiedzi

Procent ludzi z każdym wynikiem

Twoja historia wyników

Nie rozwiązałeś tego quizu